000 00416nam a2200133Ia 4500
008 220204s9999 xx 000 0 und d
082 _a38.43.01+630
_bPHI
100 _aPHILLIPS, John
245 0 _aDevelopment of agriculture and forestry in the tropics: Patterns problems and promise
260 _aLondon
_bFaber and Faber
_c1966
650 _aAgriculture development
650 _aForest conservation
942 _cBK
999 _c21427
_d21427